LIBRARY & INFORMATION CENTRE, KCAET, TAVANUR

ONLINE PUBLIC ACCESS CATALOGUE (OPAC)

Normal view MARC view
  • cereals

Entry Topical Term

Number of records used in: 1

001 - CONTROL NUMBER

  • control field: 5889

003 - CONTROL NUMBER IDENTIFIER

  • control field: OSt

005 - DATE AND TIME OF LATEST TRANSACTION

  • control field: 20240213145928.0

008 - FIXED-LENGTH DATA ELEMENTS

  • fixed length control field: 240213|| aca||aabn | a|a d

040 ## - CATALOGING SOURCE

  • Original cataloging agency: OSt
  • Transcribing agency: OSt

150 ## - HEADING--TOPICAL TERM

  • Topical term or geographic name as entry element: cereals

670 ## - SOURCE DATA FOUND

  • Source citation: Work cat.: (OSt)14: Prescott, Samuel C . 5888, Food technology , 1937.
free website counter